<?xml version="1.0" encoding="UTF-8"?>
<record
    xmlns:xsi="http://www.w3.org/2001/XMLSchema-instance"
    xsi:schemaLocation="http://www.loc.gov/MARC21/slim http://www.loc.gov/standards/marcxml/schema/MARC21slim.xsd"
    xmlns="http://www.loc.gov/MARC21/slim">

  <leader>01703nam a22001697a 4500</leader>
  <controlfield tag="003">IT-RoPau</controlfield>
  <controlfield tag="005">20220918175939.0</controlfield>
  <controlfield tag="008">130129b        xxu||||| |||| 00| 0 eng d</controlfield>
  <datafield tag="040" ind1=" " ind2=" ">
    <subfield code="c">IT-RoPau</subfield>
  </datafield>
  <datafield tag="245" ind1=" " ind2=" ">
    <subfield code="a">Una luce sul nostro cammino</subfield>
    <subfield code="b">Maestra Tecla nelle sue note spirituali  Dicembre 1926 Giugno 1928</subfield>
  </datafield>
  <datafield tag="250" ind1=" " ind2=" ">
    <subfield code="a">I</subfield>
  </datafield>
  <datafield tag="260" ind1=" " ind2=" ">
    <subfield code="a">Roma</subfield>
    <subfield code="b">FSP</subfield>
    <subfield code="c">2009</subfield>
  </datafield>
  <datafield tag="300" ind1=" " ind2=" ">
    <subfield code="a">102 p.</subfield>
    <subfield code="c">21 cm</subfield>
  </datafield>
  <datafield tag="490" ind1=" " ind2=" ">
    <subfield code="v">I</subfield>
  </datafield>
  <datafield tag="520" ind1=" " ind2=" ">
    <subfield code="a">Sommario

Introduzione
Premessa: Un metodo di lettura e di interpretazione

I.  I "taccuini" o note spirituali di Maestra Tecla
                      I taccuini all'analisi della grafia
II. Il taccuino n&#xB0;1
    Il contesto degli anni 1926-28
           Contesto storico ed ecclesiale
           Contesto congregazionale
           L'ambiente spirituale
    Maestra Tecla diventa "Prima" Maestra in un cammino
           progressivo di fede e di umilt&#xE0;
           "Carit&#xE0; e cose generali"
           Umilt&#xE0; e fiducia: i suoi atteggiamenti fondamentali
    Altri tratti della fisionomia spirituale di M. Tecla
            La donna biblica
            Lo spirito del patto nella fede pura
            Il dolore dei peccati
            La presenza costante di Maria
            Lo spirito di Paolo
            La ricerca della volont&#xE0; di Dio
            "Servire Dio con loa mente"
             Cura dell'interiorit&#xE0; e delle intenzioni del cuore
             Grandezza della vocazione paolina
    La meditazione e l'assimilazione si fa annuncio
    Maestra Tecla: una luce sul cammino della vita consacrata
              apostolica
              La santit&#xE0; evangelica nella cultura della comunicazione

Il taccuini n&#xB0;1 con le note
Pagine originali
Cronologia storica</subfield>
  </datafield>
  <datafield tag="942" ind1=" " ind2=" ">
    <subfield code="2">ddc</subfield>
    <subfield code="c">BK</subfield>
  </datafield>
  <datafield tag="999" ind1=" " ind2=" ">
    <subfield code="c">37866</subfield>
    <subfield code="d">37866</subfield>
  </datafield>
  <datafield tag="952" ind1=" " ind2=" ">
    <subfield code="0">0</subfield>
    <subfield code="1">0</subfield>
    <subfield code="2">ddc</subfield>
    <subfield code="4">0</subfield>
    <subfield code="6">P_B4</subfield>
    <subfield code="7">1</subfield>
    <subfield code="a">PAULUS</subfield>
    <subfield code="b">PAULUS</subfield>
    <subfield code="d">2013-01-29</subfield>
    <subfield code="l">0</subfield>
    <subfield code="o">P B4</subfield>
    <subfield code="r">2013-01-29 00:00:00</subfield>
    <subfield code="w">2013-01-29</subfield>
    <subfield code="y">BK</subfield>
  </datafield>
  <datafield tag="952" ind1=" " ind2=" ">
    <subfield code="0">0</subfield>
    <subfield code="1">0</subfield>
    <subfield code="2">ddc</subfield>
    <subfield code="4">0</subfield>
    <subfield code="6">P_B4</subfield>
    <subfield code="7">1</subfield>
    <subfield code="a">PAULUS</subfield>
    <subfield code="b">PAULUS</subfield>
    <subfield code="d">2013-12-16</subfield>
    <subfield code="l">0</subfield>
    <subfield code="o">P B4</subfield>
    <subfield code="r">2013-12-16 00:00:00</subfield>
    <subfield code="w">2013-12-16</subfield>
    <subfield code="y">BK</subfield>
  </datafield>
</record>
